LEADER 00804nam0-2200253 --450 001 9910994496203321 005 20251002120513.0 100 $a20250414d1963----kmuy0itay5050 ba 101 2 $aeng$alat 102 $aGB 105 $a 001yy 200 1 $aDecimi Iunii Iuvenalis saturae 13.$eThe Satires of Juvenal$eedited for the use of schools with notes, introduction, and appendices$fby E. G. Hardy 210 $aLondon$cMacMillan & Co.$d1963 215 $aLXVIII, 337 p.$d17 cm 300 $aTesto latino 700 1$aIuvenalis,$bDecimus Iunius$0439340 702 1$aHardy,$bErnest George 801 0$aIT$bUNINA$gREICAT$2UNIMARC 901 $aBK 912 $a9910994496203321 952 $aP2B 650 IUV 01 (2)$b2025/3396 DMS$fFLFBC 959 $aFLFBC 996 $aSatirae$917560 997 $aUNINA